Trofeo de Mariazell: diario del pintor Cristóbal Haitzmann
I tiakina i:
| Kaituhi matua: | |
|---|---|
| Hōputu: | Pukapuka |
| Reo: | Pāniora |
| I whakaputaina: |
Barcelona
Argonauta
1981
|
| Putanga: | 1a. ed |
| Rangatū: | Biblioteca de Psicoanálisis, 4
|
| Ngā marau: | |
| Ngā Tūtohu: |
Tāpirihia he Tūtohu
Kāore He Tūtohu, Me noho koe te mea tuatahi ki te tūtohu i tēnei pūkete!
|
MARC
| LEADER | 00000cam a2200000 a 4500 | ||
|---|---|---|---|
| 001 | UCF2259 | ||
| 003 | CL-VaPUC | ||
| 008 | 120810e19810900SP |||||||||||||||||spa|d | ||
| 082 | 0 | 4 | |a 701 |b FRE |2 21 |
| 100 | |a Freud, Sigmund |e author |9 307892 | ||
| 245 | 1 | 0 | |a Trofeo de Mariazell: diario del pintor Cristóbal Haitzmann |
| 246 | 1 | 4 | |a Una neurósis demoníaca en el siglo XVII |
| 250 | |a 1a. ed | ||
| 300 | |a 116 p | ||
| 942 | |c BK | ||
| 945 | |d 20120810 00:00:00 |a dcastane | ||
| 260 | |a Barcelona |b Argonauta |c 1981 | ||
| 650 | 0 | |a Filosofía del arte |9 264951 | |
| 650 | 0 | |a Estética |9 264950 | |
| 650 | 7 | |a PSICOANALISIS DEL ARTE |2 CL-VaPUC |9 563870 | |
| 583 | |a last modification |c 20120810 11:35:00 |k Rodrigo Vera | ||
| 490 | 0 | |a Biblioteca de Psicoanálisis, 4 | |
| 999 | |c 348856 |d 348854 | ||
| 952 | |0 0 |1 0 |4 0 |6 701_000000000000000_FRE_1981 |7 0 |8 A |9 451094 |a BIBART |b BIBART |d 2019-11-22 |i 4882105 |o 701 FRE 1981 |p 4882105 |r 2025-03-13 |w 2019-11-22 |y BK |k ART | ||